Представление документа в формате RUSMARC

ПолеНазваниеЗначение
  Тип записи a
  Библиографический уровень a
001 Контрольный номер RU/CBS_UL/BASE/648747081
005 Дата корректировки 20240209175244.5
100 Данные общей обработки __
a Данные общей обработки 20200722d2020 ||| 0rusy0189 ca
101 Язык документа 0_
a Язык текста rus
102 Страна публикации __
a Страна публикации RU
105 Кодированные данные (монография) __
a Кодированные данные (монография) y###||||000|y
181 Поле кодированных данных: вид содержания _1
a Код вида содержания (ISBD) i#
b Код характеристики содержания (ISBD) #xxe##
d i
g x
h x
i e
2 Код системы (источник кода, отличный от ISBD) isbdcontent
182 Поле кодированных данных: тип средства _1
a Код типа средства (ISBD) n
2 Код системы (источник кода, отличный от ISBD) isbdmedia
200 Заглавие и сведения об ответственности 1_
a Заглавие Бег и ходьба в ноябре
b Общее обозначение материала Текст
e Сведения, относящиеся к заглавию [рекомендации по подбору экипировки и распределению физических нагрузок для занятий на свежем воздухе в межсезонье]
f Первые сведения об ответственности В. Кочетков
w Текст (визуальный) : непосредственный
203 Вид содержания и тип средства __
a Вид содержания Текст
b Характеристика содержания визуальный
c Тип средства непосредственный
333 Примечание о целевом назначении __
a Примечание о целевом назначении 12+
461 Уровень набора _0
1 2000
a Физкультура и спорт
463 Уровень физической единицы _0
1 001RU/CBS_UL/BASE/642967472
1 2000
a № 11
v С. 10-11 : фот.
1 210
d 2019
606 Тематические рубрики 0_
a Основная рубрика Медико-биологические основы физического воспитания
610 Ключевые слова 0_
a Ключевые слова межсезонье
a Ключевые слова ходьба
a Ключевые слова бег
a Ключевые слова любительский бег
a Ключевые слова тренировки
a Ключевые слова экипировка
a Ключевые слова объём нагрузок
a Ключевые слова интенсивность нагрузок
a Ключевые слова организация занятий
a Ключевые слова закаливание организма
686 Индексы других классификаций __
a Классификационный индекс 75.0
2 Код системы rubbk
700 Автор _1
a Фамилия Кочетков
b Имя (инициалы) В.
801 Источник записи _0
a Страна RU
b Организация МБУК ЦБС г. Ульяновска
c Дата составления 20200722
g Правила каталогизации RCR
801 Источник записи _1
a Страна RU
b Организация МБУК ЦБС г. Ульяновска
c Дата составления 20200722
g Правила каталогизации RCR
901 Тип документа __
t Тип документа b
w Контрольный № источника RU/CBS_UL/BASE/642967472
910 Корректоры записи __
a Корректор записи Библиотека 1-2
938 Служебная информация __
a Имя БД period